| 000 | 00602nam a22001577a 4500 | ||
|---|---|---|---|
| 008 | 111215s2009 ua||||||d||| 00| 0ara d | ||
| 020 | _a9770912859 | ||
| 082 |
_222 _a301.29262 _bم س ي |
||
| 245 |
_aرحلتي الفكرية في البذور والجذور والثمر : _bسيرة غير ذاتية غير موضوعية / _cعبد الوهاب المسيري. |
||
| 250 | _aط. 4. | ||
| 260 |
_aالقاهرة : _bدار الشروق، _c2009. |
||
| 300 |
_a727 ص. : _bصور ؛ _c26 سم. |
||
| 650 |
_915402 _aالمثقفون المصريون |
||
| 653 |
_bAra _cDecember2011 |
||
| 942 |
_2ddc _cBB |
||
| 999 |
_c16329 _d16329 |
||